000 00765nam a2200217Ia 4500
005 20241129110927.0
008 241129s9999||||xx |||||||||||||| ||und||
020 _a978-93-5000-050-2
037 _aTB
040 _aCRL
_bhin
_cCRL
041 _ahin
_2hin
084 _aO152,6M65x P9
_qCRL
100 _aजैन, निर्मला, संपा.
245 0 _aनिबंधों की दुनिया बालमुकुन्द गुप्त
_cजैन, निर्मला, संपा.
260 _aनई दिल्ली, भारत
_bवाणी प्रकाशन
_c2009
300 _a169पृ0
365 _aINR
_b95
650 _aHindi Prose
942 _cTB
_hO152,6M65x P9
999 _c1228134
_d1228134